00337nam a2200109Ia 4500008004100000082000800041100002100049245003900070942000600109952009700115999001500212240331s9999 xx 000 0 und d bTHI aThiruchandran, S 0aMattu chinthanaiyum viripaadukalum cL 001040708LaWERCLbWERCLcSSCd2024-03-31l0o 305.4 THIp1879r2024-03-31w2024-03-31yL c1711d1711